000 01916nam a2200337 a 4500
001 ebr10318111
003 CaPaEBR
006 m u
007 cr cn|||||||||
008 091002s2009 dcuab sb 000 0 eng d
020 _z9780309138987
020 _z0309138981
040 _aCaPaEBR
_cCaPaEBR
035 _a(OCoLC)441970483
043 _an-us-ca
050 1 4 _aSH365.C2
_bN38 2009eb
110 2 _aNational Research Council (U.S.).
_bCommittee on Best Practices for Shellfish Mariculture and the Effects of Commercial Activities in Drakes Estero, Point Reyes National Seashore, California.
245 1 0 _aShellfish mariculture in Drakes Estero, Point Reyes National Seashore, California
_h[electronic resource] /
_cCommittee on Best Practices for Shellfish Mariculture and the Effects of Commercial Activities in Drakes Estero, Pt. Reyes National Seashore, California, Ocean Studies Board, Division on Earth and Life Studies, National Research Council.
260 _aWashington, D.C. :
_bNational Academies Press,
_cc2009.
300 _ax, 128 p. :
_bill., maps.
504 _aIncludes bibliographical references (p. 88-101).
533 _aElectronic reproduction.
_bPalo Alto, Calif. :
_cebrary,
_d2013.
_nAvailable via World Wide Web.
_nAccess may be limited to ebrary affiliated libraries.
650 0 _aShellfish culture
_zCalifornia
_zPoint Reyes National Seashore.
650 0 _aShellfish fisheries
_xResearch
_zCalifornia
_zPoint Reyes National Seashore.
650 0 _aMariculture
_zCalifornia
_zPoint Reyes National Seashore.
650 0 _aMarine ecosystem management
_zCalifornia
_zPoint Reyes National Seashore.
650 0 _aMarine resources
_zCalifornia
_zPoint Reyes National Seashore.
655 7 _aElectronic books.
_2local
710 2 _aebrary, Inc.
856 4 0 _uhttp://site.ebrary.com/lib/rucke/Doc?id=10318111
_zAn electronic book accessible through the World Wide Web; click to view
999 _c59643
_d59643